💠 Same Latitude : Turkey Quiz Stats

 Plays Quiz not verified by Sporcle

Score 0/20 Timer 03:00
0 Plays Today
% Correct
Madrid
97.8%
Lisbon
97.8%
Rome
97.8%
Athens
95.6%
Tirana
88.9%
Beijing
88.9%
Washington
88.9%
Vatican City
86.7%
Skopje
84.4%
Baku
84.4%
% Correct
Yerevan
82.2%
Tashkent
77.8%
Pyongyang
77.8%
Seoul
77.8%
Tbilisi
75.6%
Dushanbe
75.6%
Tunis
71.1%
Ashgabat
71.1%
Algiers
66.7%
Valletta
66.7%

You're not logged in!

Compare scores with friends on all Sporcle quizzes.
OR
Log In

Show Comments

Extras

Created Aug 26, 2015ReportNominate
Tags:Capital Quiz, between, latitude, same

Top Quizzes Today


Score Distribution

Your Account Isn't Verified!

In order to create a playlist on Sporcle, you need to verify the email address you used during registration. Go to your Sporcle Settings to finish the process.

Report this User

Report this user for behavior that violates our Community Guidelines.

Details: